| 000 | 01409nam a2200349 i 4500 | ||
|---|---|---|---|
| 003 | EG-GICUC | ||
| 005 | 20260121101634.0 | ||
| 008 | 260101s2007 ua ||||fr|||| 000 0 ara d | ||
| 017 | _a2007/9781 | ||
| 020 | _a977-04-5218-1 | ||
| 040 |
_a EG-GICUC _bara _c EG-GICUC _d EG-GICUC _erda |
||
| 041 | _aara | ||
| 082 | 0 | 4 |
_221 _a345.144 _bح م . م |
| 092 | 0 | 4 | _221 |
| 099 | _aLaw1 07 345.144 ح م . م 2007 | ||
| 100 | 0 |
_aحمدي أبو النور السيد _eمؤلف. |
|
| 245 | 1 | 0 |
_aمبدأ احترام الحقوق المكتسبة في القانون الإداري / _cدكتور حمدي أبو النور السيد . |
| 264 | 1 |
_aالقاهرة : _bدار النهضة العربية, _c2007. |
|
| 300 |
_a 182 صفحة ؛ _c24 سم _bإيضاحيات، صور، مثيليات ؛ |
||
| 336 |
_2rda content _atext |
||
| 337 |
_2rda media _aComputer |
||
| 338 |
_2rda carrier _aOnline Resource |
||
| 504 | _a. 178-171 ببليوجرافيا: صفحات. | ||
| 546 | _aالنص أغلبه باللغة العربية مع بعض النصوص الفرنسية | ||
| 650 | 1 | 4 |
_aالمبادئ العامة للقانون الإداري _2qrmak |
| 650 | 1 | 4 |
_aالقرارت الإدارية _2qrmak |
| 650 | 1 | 4 | _aرجعية القرارت الإدارية |
| 651 | 1 | _2qrmak | |
| 856 | 4 | 0 | _uhttps://fll.law.cu.edu.eg/fulltext/bks/B07-02021.pdf |
| 905 | _a79 | ||
| 942 |
_2ddc _cBK _e21 _n0 |
||
| 999 |
_c53753 _d53753 |
||